Sports Quiz

Random Sports or NFL Quiz

Heisman to Hall of Fame Quiz Stats

 Plays Quiz Updated Feb 6, 2021

     
Support Sporcle.
Go Orange.
Score 0/10 Timer 03:00
0 Plays Today
College Heisman Winner % Correct
Oklahoma StateBarry Sanders
86.1%
USCO. J. Simpson
79.1%
MichiganCharles Woodson
77.1%
NavyRoger Staubach
70.5%
Notre DameTim Brown
63.6%
USCMarcus Allen
63.4%
PittsburghTony Dorsett
57.7%
TexasEarl Campbell
50.2%
Notre DamePaul Hornung
32.2%
Southern MethodistDoak Walker
30.6%

From the Vault

Solar System Templates

by gazzso

Science 3m
You're gonna need some really big templates.
Remove Ads.
Support Sporcle.
Get the best of Sporcle when you Go Orange. This ad-free experience offers more features, more stats, and more fun while also helping to support Sporcle. Thank you for becoming a member.

Show Comments

Extras

Top Quizzes Today


Score Distribution

Your Account Isn't Verified!

In order to create a playlist on Sporcle, you need to verify the email address you used during registration. Go to your Sporcle Settings to finish the process.

Report this User

Report this user for behavior that violates our Community Guidelines.

Details: